[Event "DEM U12w 2023"]
[Site "Willingen GER"]
[Date "2023.05.31"]
[Round "5"]
[White "Mehner, Clara"]
[Black "Malagatte, Samiksha"]
[Result "1-0"]
[Termination "normal"]
[Board "7"]
[WhiteElo "1250"]
[BlackElo "1214"]
[WhiteClock "00:16:01"]
[BlackClock "00:32:05"]
[PlyCount "61"]
[WhiteFideId "34612165"]
[BlackFideId "34633790"]
[EventCountry "GER"]
[EventRounds "9"]
[EventType "swiss"]
[EventDate "2023.05.27"]

1. e4 {[%clk 01:30:59]} e5 {[%clk 01:30:47]} {[%emt 00:00:14]} 2. Nf3 {[%clk
01:31:23]} {[%emt 00:00:05]} Nc6 {[%clk 01:31:07]} {[%emt 00:00:10]} 3. Bb5
{[%clk 01:31:42]} {[%emt 00:00:12]} a6 {[%clk 01:31:25]} {[%emt 00:00:12]} 4.
Ba4 {[%clk 01:31:56]} {[%emt 00:00:15]} Nf6 {[%clk 01:30:33]} {[%emt 00:01:23]}
5. Qe2 {[%clk 01:31:44]} {[%emt 00:00:42]} Be7 {[%clk 01:28:05]} {[%emt
00:02:57]} 6. c3 {[%clk 01:31:02]} {[%emt 00:01:13]} b5 {[%clk 01:27:53]}
{[%emt 00:00:41]} 7. Bc2 {[%clk 01:30:57]} {[%emt 00:00:35]} O-O {[%clk
01:25:30]} {[%emt 00:02:53]} 8. O-O {[%clk 01:30:26]} {[%emt 00:01:02]} d5
{[%clk 01:24:08]} {[%emt 00:01:51]} 9. d3 {[%clk 01:26:30]} {[%emt 00:04:27]}
h6 {[%clk 01:23:15]} {[%emt 00:01:22]} 10. Rd1 {[%clk 01:25:22]} {[%emt
00:01:38]} Bd6 {[%clk 01:15:29]} {[%emt 00:08:16]} 11. d4 {[%clk 01:14:16]}
{[%emt 00:11:36]} Bb7 {[%clk 01:14:47]} {[%emt 00:01:12]} 12. exd5 {[%clk
01:09:05]} {[%emt 00:05:42]} Nxd5 {[%clk 01:11:13]} {[%emt 00:04:03]} 13. dxe5
{[%clk 01:03:14]} {[%emt 00:06:22]} Nxe5 {[%clk 01:10:29]} {[%emt 00:01:13]}
14. Nxe5 {[%clk 01:01:30]} {[%emt 00:02:14]} Re8 {[%clk 00:58:12]} {[%emt
00:12:48]} 15. f4 {[%clk 00:47:42]} {[%emt 00:14:17]} f6 {[%clk 00:56:06]}
{[%emt 00:02:36]} 16. Qd3 {[%clk 00:43:32]} {[%emt 00:04:40]} fxe5 {[%clk
00:54:23]} {[%emt 00:02:14]} 17. Qh7+ {[%clk 00:41:16]} {[%emt 00:02:45]} Kf8
{[%clk 00:52:51]} {[%emt 00:02:01]} 18. Bg6 {[%clk 00:40:25]} {[%emt 00:01:21]}
Qh4 {[%clk 00:43:48]} {[%emt 00:09:33]} 19. Qh8+ {[%clk 00:37:44]} {[%emt
00:03:10]} Ke7 {[%clk 00:43:57]} {[%emt 00:00:22]} 20. Qxg7+ {[%clk 00:35:58]}
{[%emt 00:02:18]} Kd8 {[%clk 00:43:33]} {[%emt 00:00:53]} 21. Bxe8 {[%clk
00:35:02]} {[%emt 00:01:26]} Kxe8 {[%clk 00:43:54]} {[%emt 00:00:08]} 22. fxe5
{[%clk 00:32:14]} {[%emt 00:03:19]} Bc5+ {[%clk 00:42:12]} {[%emt 00:02:12]}
23. Kh1 {[%clk 00:30:55]} {[%emt 00:01:49]} Qe4 {[%clk 00:41:20]} {[%emt
00:01:22]} 24. Bxh6 {[%clk 00:28:24]} {[%emt 00:03:01]} Bc6 {[%clk 00:38:23]}
{[%emt 00:03:26]} 25. Nd2 {[%clk 00:24:46]} {[%emt 00:04:09]} Qh4 {[%clk
00:36:14]} {[%emt 00:02:37]} 26. e6 {[%clk 00:20:40]} {[%emt 00:04:38]} Bd6
{[%clk 00:34:05]} {[%emt 00:02:39]} 27. Nf3 {[%clk 00:18:51]} {[%emt 00:02:18]}
Qe4 {[%clk 00:32:46]} {[%emt 00:01:49]} 28. Qg8+ {[%clk 00:17:06]} {[%emt
00:02:15]} Ke7 {[%clk 00:32:29]} {[%emt 00:00:48]} 29. Bg5+ {[%clk 00:16:34]}
{[%emt 00:01:01]} Nf6 {[%clk 00:32:03]} {[%emt 00:00:57]} 30. Bxf6+ {[%clk
00:16:01]} {[%emt 00:01:04]} Kxf6 {[%clk 00:32:05]} {[%emt 00:00:27]} 31. Qf7#
{[%emt 00:00:13]} 1-0

[Event "DEM U12w 2023"]
[Site "Willingen GER"]
[Date "2023.05.31"]
[Round "5"]
[White "John, Linnea"]
[Black "Fruth, Julia"]
[Result "1-0"]
[Termination "normal"]
[Board "8"]
[WhiteElo "1396"]
[BlackElo "1187"]
[WhiteClock "00:11:53"]
[BlackClock "00:39:53"]
[PlyCount "67"]
[WhiteFideId "34623680"]
[BlackFideId "34603050"]
[EventCountry "GER"]
[EventRounds "9"]
[EventType "swiss"]
[EventDate "2023.05.27"]

1. e4 {[%clk 01:30:58]} {[%emt 00:00:01]} c5 {[%clk 01:30:54]} {[%emt
00:00:06]} 2. Nf3 {[%clk 01:31:20]} {[%emt 00:00:09]} d6 {[%clk 01:31:05]}
{[%emt 00:00:18]} 3. Bb5+ {[%clk 01:31:23]} {[%emt 00:00:27]} Nd7 {[%clk
01:30:58]} {[%emt 00:00:36]} 4. Bxd7+ {[%clk 01:30:21]} {[%emt 00:01:33]} Bxd7
{[%clk 01:31:10]} {[%emt 00:00:18]} 5. O-O {[%clk 01:30:40]} {[%emt 00:00:11]}
Nf6 {[%clk 01:30:44]} {[%emt 00:00:55]} 6. Re1 {[%clk 01:30:53]} {[%emt
00:00:18]} e5 {[%clk 01:30:11]} {[%emt 00:01:02]} 7. c3 {[%clk 01:29:53]}
{[%emt 00:01:32]} Qc7 {[%clk 01:27:31]} {[%emt 00:03:08]} 8. d4 {[%clk
01:28:41]} {[%emt 00:01:42]} cxd4 {[%clk 01:26:26]} {[%emt 00:01:36]} 9. cxd4
{[%clk 01:28:22]} {[%emt 00:00:49]} h6 {[%clk 01:25:33]} {[%emt 00:01:22]} 10.
Nc3 {[%clk 01:24:40]} {[%emt 00:04:13]} Be7 {[%clk 01:23:20]} {[%emt 00:02:42]}
11. Be3 {[%clk 01:16:55]} {[%emt 00:08:15]} O-O {[%clk 01:21:36]} {[%emt
00:02:14]} 12. Rc1 {[%clk 01:16:20]} {[%emt 00:01:06]} Qa5 {[%clk 01:18:19]}
{[%emt 00:03:46]} 13. Qd2 {[%clk 01:12:46]} {[%emt 00:04:05]} Rfe8 {[%clk
01:11:40]} {[%emt 00:07:09]} 14. Rb1 {[%clk 00:53:59]} {[%emt 00:19:17]} Nh7
{[%clk 01:08:29]} {[%emt 00:03:40]} 15. dxe5 {[%clk 00:49:52]} {[%emt
00:04:38]} Qc7 {[%clk 01:03:16]} {[%emt 00:05:42]} 16. Rbc1 {[%clk 00:42:55]}
{[%emt 00:07:29]} Qb8 {[%clk 00:59:31]} {[%emt 00:04:13]} 17. exd6 {[%clk
00:38:59]} {[%emt 00:04:27]} Bf8 {[%clk 00:57:23]} {[%emt 00:02:38]} 18. Nd5
{[%clk 00:34:45]} {[%emt 00:04:45]} Bxd6 {[%clk 00:53:15]} {[%emt 00:04:36]}
19. e5 {[%clk 00:34:15]} {[%emt 00:01:01]} Bxe5 {[%clk 00:50:25]} {[%emt
00:03:19]} 20. Nxe5 {[%clk 00:34:18]} {[%emt 00:00:29]} Rxe5 {[%clk 00:50:43]}
{[%emt 00:00:10]} 21. Nc7 {[%clk 00:34:44]} {[%emt 00:00:06]} Bc6 {[%clk
00:49:46]} {[%emt 00:01:26]} 22. Nxa8 {[%clk 00:34:16]} {[%emt 00:00:58]} Qxa8
{[%clk 00:49:38]} {[%emt 00:00:37]} 23. Qc3 {[%clk 00:33:30]} {[%emt 00:01:18]}
Re6 {[%clk 00:48:53]} {[%emt 00:01:13]} 24. Rcd1 {[%clk 00:32:52]} {[%emt
00:01:09]} Rg6 {[%clk 00:48:44]} {[%emt 00:00:38]} 25. g3 {[%clk 00:29:56]}
{[%emt 00:03:27]} b6 {[%clk 00:48:31]} {[%emt 00:00:42]} 26. Rc1 {[%clk
00:28:24]} {[%emt 00:02:03]} Nf8 {[%clk 00:46:55]} {[%emt 00:02:03]} 27. Qd2
{[%clk 00:26:46]} {[%emt 00:02:11]} Bh1 {[%clk 00:45:22]} {[%emt 00:02:02]} 28.
f4 {[%clk 00:25:33]} {[%emt 00:01:45]} h5 {[%clk 00:43:10]} {[%emt 00:02:41]}
29. f5 {[%clk 00:15:38]} {[%emt 00:10:26]} Rg4 {[%clk 00:42:48]} {[%emt
00:00:49]} 30. Bf4 {[%clk 00:14:35]} {[%emt 00:01:35]} h4 {[%clk 00:41:46]}
{[%emt 00:01:29]} 31. h3 {[%clk 00:12:35]} {[%emt 00:02:33]} Rxg3+ {[%clk
00:40:48]} {[%emt 00:01:27]} 32. Bxg3 {[%clk 00:12:50]} {[%emt 00:00:16]} hxg3
{[%clk 00:41:05]} {[%emt 00:00:13]} 33. Re3 {[%clk 00:12:28]} {[%emt 00:00:53]}
g2 {[%clk 00:39:53]} {[%emt 00:01:41]} 34. Rg3 {[%clk 00:11:53]} {[%emt
00:01:05]} 1-0

[Event "DEM U12w 2023"]
[Site "Willingen GER"]
[Date "2023.05.31"]
[Round "5"]
[White "Ali, Maha"]
[Black "Mader, Theresa"]
[Result "1/2-1/2"]
[Termination "normal"]
[Board "9"]
[WhiteElo "1403"]
[BlackElo "1229"]
[WhiteClock "00:09:38"]
[BlackClock "00:13:41"]
[PlyCount "111"]
[WhiteFideId "34626581"]
[BlackFideId "34605657"]
[EventCountry "GER"]
[EventRounds "9"]
[EventType "swiss"]
[EventDate "2023.05.27"]

1. d4 {[%emt 00:00:04]} c6 {[%clk 01:30:54]} {[%emt 00:00:04]} 2. c4 {[%emt
00:00:09]} d5 {[%clk 01:31:15]} {[%emt 00:00:05]} 3. Nc3 {[%clk 01:31:42]}
{[%emt 00:00:10]} Nf6 {[%clk 01:31:34]} {[%emt 00:00:11]} 4. e3 {[%clk
01:32:04]} {[%emt 00:00:09]} a6 {[%clk 01:31:39]} {[%emt 00:00:26]} 5. Nf3
{[%clk 01:32:10]} {[%emt 00:00:22]} b5 {[%clk 01:31:31]} {[%emt 00:00:39]} 6.
cxb5 {[%clk 01:32:12]} {[%emt 00:00:28]} cxb5 {[%clk 01:31:41]} {[%emt
00:00:19]} 7. b3 {[%clk 01:31:43]} {[%emt 00:00:59]} g6 {[%clk 01:31:32]}
{[%emt 00:00:40]} 8. Bb2 {[%clk 01:31:00]} {[%emt 00:01:14]} Bg7 {[%clk
01:31:16]} {[%emt 00:00:45]} 9. Bd3 {[%clk 01:30:29]} {[%emt 00:01:00]} O-O
{[%clk 01:30:30]} {[%emt 00:01:17]} 10. O-O {[%clk 01:29:58]} {[%emt 00:01:01]}
Nbd7 {[%clk 01:28:56]} {[%emt 00:02:04]} 11. Rc1 {[%clk 01:29:01]} {[%emt
00:01:27]} Nb6 {[%clk 01:25:57]} {[%emt 00:03:28]} 12. Qe2 {[%clk 01:27:28]}
{[%emt 00:02:04]} Qd6 {[%clk 01:23:46]} {[%emt 00:02:42]} 13. Rfd1 {[%clk
01:23:23]} {[%emt 00:04:34]} Bg4 {[%clk 01:20:59]} {[%emt 00:03:17]} 14. h3
{[%clk 01:21:41]} {[%emt 00:02:12]} Bxf3 {[%clk 01:19:45]} {[%emt 00:01:44]}
15. Qxf3 {[%clk 01:20:58]} {[%emt 00:01:12]} Rfc8 {[%clk 01:18:58]} {[%emt
00:01:17]} 16. Ne2 {[%clk 01:15:34]} {[%emt 00:05:54]} e6 {[%clk 01:16:36]}
{[%emt 00:02:52]} 17. Qg3 {[%clk 01:13:22]} {[%emt 00:02:43]} Qe7 {[%clk
01:10:49]} {[%emt 00:06:16]} 18. Nf4 {[%clk 01:09:49]} {[%emt 00:04:03]} Ra7
{[%clk 01:05:29]} {[%emt 00:05:50]} 19. Rxc8+ {[%clk 01:04:57]} {[%emt
00:05:23]} Nxc8 {[%clk 01:04:50]} {[%emt 00:01:08]} 20. Rc1 {[%clk 01:03:08]}
{[%emt 00:02:19]} Rc7 {[%clk 01:03:12]} {[%emt 00:02:08]} 21. Rxc7 {[%clk
01:00:45]} {[%emt 00:02:52]} Qxc7 {[%clk 01:02:12]} {[%emt 00:01:32]} 22. Nh5
{[%clk 00:57:59]} {[%emt 00:03:16]} Qxg3 {[%clk 01:01:12]} {[%emt 00:01:29]}
23. Nxg3 {[%clk 00:58:15]} {[%emt 00:00:14]} Nb6 {[%clk 01:00:16]} {[%emt
00:01:26]} 24. Ba3 {[%clk 00:55:52]} {[%emt 00:02:54]} Nfd7 {[%clk 00:57:12]}
{[%emt 00:03:32]} 25. Bc5 {[%clk 00:54:04]} {[%emt 00:02:18]} f5 {[%clk
00:53:45]} {[%emt 00:03:59]} 26. Kf1 {[%clk 00:50:38]} {[%emt 00:03:56]} Kf7
{[%clk 00:52:47]} {[%emt 00:01:27]} 27. Ke2 {[%clk 00:49:16]} {[%emt 00:01:52]}
Ke8 {[%clk 00:52:27]} {[%emt 00:00:51]} 28. Kd2 {[%clk 00:48:30]} {[%emt
00:01:16]} Kd8 {[%clk 00:52:11]} {[%emt 00:00:46]} 29. Ne2 {[%clk 00:46:54]}
{[%emt 00:02:05]} Kc7 {[%clk 00:50:16]} {[%emt 00:02:25]} 30. Bb4 {[%clk
00:44:47]} {[%emt 00:02:37]} Kb7 {[%clk 00:46:13]} {[%emt 00:04:34]} 31. Nf4
{[%clk 00:43:36]} {[%emt 00:01:41]} e5 {[%clk 00:43:39]} {[%emt 00:03:03]} 32.
dxe5 {[%clk 00:41:45]} {[%emt 00:02:22]} Bxe5 {[%clk 00:42:50]} {[%emt
00:01:19]} 33. Ne6 {[%clk 00:40:26]} {[%emt 00:01:49]} Kc6 {[%clk 00:40:20]}
{[%emt 00:03:00]} 34. Bc3 {[%clk 00:38:33]} {[%emt 00:02:23]} Kd6 {[%clk
00:38:50]} {[%emt 00:01:59]} 35. Bxe5+ {[%clk 00:37:55]} {[%emt 00:01:09]} Kxe5
{[%clk 00:37:34]} {[%emt 00:01:45]} 36. Nd4 {[%clk 00:36:24]} {[%emt 00:02:01]}
Kd6 {[%clk 00:36:23]} {[%emt 00:01:42]} 37. Kc3 {[%clk 00:35:35]} {[%emt
00:01:18]} Kc7 {[%clk 00:33:49]} {[%emt 00:03:04]} 38. Kb4 {[%clk 00:33:42]}
{[%emt 00:02:24]} Kb7 {[%clk 00:33:03]} {[%emt 00:01:16]} 39. a4 {[%clk
00:30:04]} {[%emt 00:04:08]} bxa4 {[%clk 00:31:58]} {[%emt 00:01:35]} 40. bxa4
{[%clk 00:30:21]} {[%emt 00:00:12]} Nc8 {[%clk 00:30:16]} {[%emt 00:02:10]} 41.
Ne6 {[%clk 00:28:00]} {[%emt 00:02:53]} Nd6 {[%clk 00:28:03]} {[%emt 00:02:43]}
42. Nf4 {[%clk 00:25:29]} {[%emt 00:03:02]} Ne4 {[%clk 00:23:32]} {[%emt
00:05:01]} 43. f3 {[%clk 00:23:32]} {[%emt 00:02:26]} Nec5 {[%clk 00:23:03]}
{[%emt 00:00:59]} 44. Bf1 {[%clk 00:22:50]} {[%emt 00:01:13]} Kc6 {[%clk
00:22:51]} {[%emt 00:00:39]} 45. Ka5 {[%clk 00:20:26]} {[%emt 00:02:56]} Nb8
{[%clk 00:22:33]} {[%emt 00:00:46]} 46. Nd3 {[%clk 00:19:31]} {[%emt 00:01:28]}
Nxd3 {[%clk 00:20:55]} {[%emt 00:02:08]} 47. Bxd3 {[%clk 00:19:08]} {[%emt
00:00:52]} Kb7 {[%clk 00:21:12]} {[%emt 00:00:14]} 48. Kb4 {[%clk 00:17:10]}
{[%emt 00:02:26]} Kb6 {[%clk 00:18:28]} {[%emt 00:03:14]} 49. Bc2 {[%clk
00:16:19]} {[%emt 00:01:22]} Nc6+ {[%clk 00:17:13]} {[%emt 00:01:45]} 50. Kc3
{[%clk 00:15:52]} {[%emt 00:00:58]} Kc5 {[%clk 00:16:38]} {[%emt 00:01:04]} 51.
Bd3 {[%clk 00:14:26]} {[%emt 00:01:56]} a5 {[%clk 00:16:15]} {[%emt 00:00:53]}
52. Ba6 {[%clk 00:13:22]} {[%emt 00:01:34]} d4+ {[%clk 00:15:10]} {[%emt
00:01:36]} 53. exd4+ {[%clk 00:13:02]} {[%emt 00:00:50]} Nxd4 {[%clk 00:15:10]}
{[%emt 00:00:30]} 54. Bc4 {[%clk 00:12:35]} {[%emt 00:00:56]} g5 {[%clk
00:14:04]} {[%emt 00:01:36]} 55. g4 {[%clk 00:10:27]} {[%emt 00:02:39]} f4
{[%clk 00:13:41]} {[%emt 00:00:52]} 56. Bd3 {[%clk 00:09:38]} {[%emt 00:01:19]}
1/2-1/2

[Event "DEM U12w 2023"]
[Site "Willingen GER"]
[Date "2023.05.31"]
[Round "5"]
[White "Börner, Emma Charlotte"]
[Black "Glotz, Katharina"]
[Result "0-1"]
[Termination "normal"]
[Board "10"]
[WhiteElo "990"]
[BlackElo "1411"]
[WhiteClock "00:53:13"]
[BlackClock "00:49:52"]
[PlyCount "116"]
[WhiteFideId "34637907"]
[BlackFideId "34631011"]
[EventCountry "GER"]
[EventRounds "9"]
[EventType "swiss"]
[EventDate "2023.05.27"]

1. e4 {[%clk 01:30:58]} c5 {[%clk 01:30:55]} {[%emt 00:00:06]} 2. Nc3 {[%clk
01:31:20]} {[%emt 00:00:07]} Nc6 {[%clk 01:31:11]} {[%emt 00:00:14]} 3. Bc4
{[%clk 01:31:36]} {[%emt 00:00:14]} g6 {[%clk 01:31:19]} {[%emt 00:00:23]} 4.
d3 {[%clk 01:31:55]} {[%emt 00:00:11]} Bg7 {[%clk 01:31:07]} {[%emt 00:00:41]}
5. f4 {[%clk 01:32:14]} {[%emt 00:00:12]} e6 {[%clk 01:31:08]} {[%emt
00:00:28]} 6. Nf3 {[%clk 01:32:08]} {[%emt 00:00:36]} Nge7 {[%clk 01:31:16]}
{[%emt 00:00:22]} 7. Be3 {[%clk 01:31:18]} {[%emt 00:01:21]} d5 {[%clk
01:30:53]} {[%emt 00:00:52]} 8. exd5 {[%clk 01:28:19]} {[%emt 00:03:30]} exd5
{[%clk 01:31:09]} {[%emt 00:00:13]} 9. Bb5 {[%clk 01:24:14]} {[%emt 00:04:36]}
d4 {[%clk 01:29:16]} {[%emt 00:02:20]} 10. Bxc6+ {[%clk 01:23:24]} {[%emt
00:01:23]} Nxc6 {[%clk 01:29:15]} {[%emt 00:00:31]} 11. Bxd4 {[%clk 01:23:26]}
{[%emt 00:00:29]} Nxd4 {[%clk 01:29:09]} {[%emt 00:00:35]} 12. Nxd4 {[%clk
01:23:27]} {[%emt 00:00:29]} Bxd4 {[%clk 01:27:14]} {[%emt 00:02:24]} 13. Qe2+
{[%clk 01:23:26]} {[%emt 00:00:31]} Qe7 {[%clk 01:26:59]} {[%emt 00:00:44]} 14.
Qxe7+ {[%clk 01:22:35]} {[%emt 00:01:23]} Kxe7 {[%clk 01:27:21]} {[%emt
00:00:09]} 15. O-O-O {[%clk 01:21:59]} {[%emt 00:01:05]} Be6 {[%clk 01:25:13]}
{[%emt 00:02:36]} 16. Rde1 {[%clk 01:21:08]} {[%emt 00:01:22]} f5 {[%clk
01:23:08]} {[%emt 00:02:36]} 17. Nd5+ {[%clk 01:19:12]} {[%emt 00:02:26]} Kd6
{[%clk 01:18:50]} {[%emt 00:04:45]} 18. c3 {[%clk 01:17:38]} {[%emt 00:02:07]}
Bxd5 {[%clk 01:16:35]} {[%emt 00:02:43]} 19. cxd4 {[%clk 01:17:38]} {[%emt
00:00:31]} Bxg2 {[%clk 01:15:56]} {[%emt 00:01:09]} 20. dxc5+ {[%clk 01:17:44]}
{[%emt 00:00:24]} Kxc5 {[%clk 01:15:29]} {[%emt 00:00:57]} 21. Re5+ {[%clk
01:17:17]} {[%emt 00:00:57]} Kd4 {[%clk 01:14:43]} {[%emt 00:01:15]} 22. Rd1
{[%clk 01:14:48]} {[%emt 00:03:00]} Rhe8 {[%clk 01:14:39]} {[%emt 00:00:33]}
23. Rb5 {[%clk 01:11:22]} {[%emt 00:03:57]} Bf3 {[%clk 01:08:04]} {[%emt
00:07:04]} 24. Rb4+ {[%clk 01:08:00]} {[%emt 00:03:53]} Kd5 {[%clk 01:02:53]}
{[%emt 00:05:40]} 25. Rf1 {[%clk 01:03:35]} {[%emt 00:04:55]} Rac8+ {[%clk
01:02:51]} {[%emt 00:00:31]} 26. Kb1 {[%clk 01:02:38]} {[%emt 00:01:29]} Be2
{[%clk 01:02:50]} {[%emt 00:00:31]} 27. Rg1 {[%clk 01:00:02]} {[%emt 00:03:06]}
Bxd3+ {[%clk 01:01:01]} {[%emt 00:02:20]} 28. Ka1 {[%clk 01:00:25]} {[%emt
00:00:07]} b6 {[%clk 00:55:41]} {[%emt 00:05:50]} 29. Rd1 {[%clk 00:58:35]}
{[%emt 00:02:19]} Ke6 {[%clk 00:49:54]} {[%emt 00:06:15]} 30. a4 {[%clk
00:56:33]} {[%emt 00:02:35]} Be4 {[%clk 00:49:13]} {[%emt 00:01:10]} 31. Rbd4
{[%clk 00:55:32]} {[%emt 00:01:31]} Rc7 {[%clk 00:46:57]} {[%emt 00:02:44]} 32.
Rd6+ {[%clk 00:54:22]} {[%emt 00:01:42]} Ke7 {[%clk 00:47:12]} {[%emt
00:00:15]} 33. Ka2 {[%clk 00:53:43]} {[%emt 00:01:09]} Bc6 {[%clk 00:46:41]}
{[%emt 00:00:59]} 34. R6d4 {[%clk 00:52:13]} {[%emt 00:02:02]} Rd7 {[%clk
00:46:16]} {[%emt 00:00:54]} 35. Rxd7+ {[%clk 00:49:59]} {[%emt 00:02:46]} Bxd7
{[%clk 00:46:31]} {[%emt 00:00:15]} 36. Re1+ {[%clk 00:50:12]} {[%emt
00:00:16]} Kd8 {[%clk 00:46:45]} {[%emt 00:00:15]} 37. Rxe8+ {[%clk 00:50:31]}
{[%emt 00:00:12]} Bxe8 {[%clk 00:46:50]} {[%emt 00:00:25]} 38. h4 {[%clk
00:50:50]} {[%emt 00:00:11]} Bxa4 {[%clk 00:47:00]} {[%emt 00:00:21]} 39. b3
{[%clk 00:51:14]} {[%emt 00:00:05]} Bc6 {[%clk 00:47:15]} {[%emt 00:00:14]} 40.
Ka3 {[%clk 00:51:31]} {[%emt 00:00:15]} Ke7 {[%clk 00:46:56]} {[%emt 00:00:48]}
41. Kb4 {[%clk 00:51:45]} {[%emt 00:00:18]} Kf6 {[%clk 00:46:54]} {[%emt
00:00:31]} 42. Kc3 {[%clk 00:51:47]} {[%emt 00:00:28]} h6 {[%clk 00:47:06]}
{[%emt 00:00:18]} 43. Kd3 {[%clk 00:51:54]} {[%emt 00:00:23]} g5 {[%clk
00:47:20]} {[%emt 00:00:16]} 44. hxg5+ {[%clk 00:51:49]} {[%emt 00:00:35]} hxg5
{[%clk 00:47:40]} {[%emt 00:00:10]} 45. Ke3 {[%clk 00:51:53]} {[%emt 00:00:25]}
gxf4+ {[%clk 00:47:50]} {[%emt 00:00:21]} 46. Kxf4 {[%clk 00:51:27]} {[%emt
00:00:56]} Be4 {[%clk 00:48:05]} {[%emt 00:00:13]} 47. b4 {[%clk 00:51:36]}
{[%emt 00:00:23]} a5 {[%clk 00:48:17]} {[%emt 00:00:18]} 48. bxa5 {[%clk
00:51:38]} {[%emt 00:00:29]} bxa5 {[%clk 00:48:44]} {[%emt 00:00:03]} 49. Ke3
{[%clk 00:51:58]} {[%emt 00:00:09]} a4 {[%clk 00:48:28]} {[%emt 00:00:46]} 50.
Kd2 {[%clk 00:52:12]} {[%emt 00:00:16]} a3 {[%clk 00:48:45]} {[%emt 00:00:13]}
51. Kc1 {[%clk 00:52:28]} {[%emt 00:00:14]} f4 {[%clk 00:49:06]} {[%emt
00:00:08]} 52. Kd2 {[%clk 00:52:24]} {[%emt 00:00:35]} a2 {[%clk 00:49:26]}
{[%emt 00:00:10]} 53. Kc3 {[%clk 00:52:37]} {[%emt 00:00:17]} a1=Q+ {[%clk
00:49:49]} {[%emt 00:00:06]} 54. Kc4 {[%clk 00:52:36]} {[%emt 00:00:32]} Ke5
{[%clk 00:49:56]} {[%emt 00:00:21]} 55. Kc5 {[%clk 00:52:44]} {[%emt 00:00:23]}
Qc1+ {[%clk 00:50:10]} {[%emt 00:00:16]} 56. Kb6 {[%clk 00:52:53]} {[%emt
00:00:22]} Kd6 {[%clk 00:50:21]} {[%emt 00:00:17]} 57. Kb5 {[%clk 00:53:06]}
{[%emt 00:00:18]} Qc5+ {[%clk 00:49:52]} {[%emt 00:00:59]} 58. Ka4 {[%clk
00:53:13]} {[%emt 00:00:23]} Bc2# {[%emt 00:00:10]} 0-1

[Event "DEM U12w 2023"]
[Site "Willingen GER"]
[Date "2023.05.31"]
[Round "5"]
[White "Komar, Valerie"]
[Black "Baihaghi, Aryana"]
[Result "1-0"]
[Termination "normal"]
[Board "11"]
[WhiteElo "1379"]
[BlackElo "1334"]
[WhiteClock "00:58:29"]
[BlackClock "01:07:42"]
[PlyCount "35"]
[WhiteFideId "34139664"]
[BlackFideId "34604960"]
[EventCountry "GER"]
[EventRounds "9"]
[EventType "swiss"]
[EventDate "2023.05.27"]

1. e4 {[%clk 01:30:57]} {[%emt 00:00:02]} e5 {[%clk 01:30:56]} {[%emt
00:00:05]} 2. Nf3 {[%clk 01:31:24]} {[%emt 00:00:03]} Nc6 {[%clk 01:31:19]}
{[%emt 00:00:07]} 3. Bb5 {[%clk 01:31:49]} {[%emt 00:00:04]} a6 {[%clk
01:31:37]} {[%emt 00:00:13]} 4. Ba4 {[%clk 01:32:14]} {[%emt 00:00:04]} Nf6
{[%clk 01:31:09]} {[%emt 00:00:58]} 5. Qe2 {[%clk 01:32:38]} {[%emt 00:00:06]}
b5 {[%clk 01:29:49]} {[%emt 00:01:50]} 6. Bb3 {[%clk 01:33:02]} {[%emt
00:00:07]} Bc5 {[%clk 01:30:05]} {[%emt 00:00:13]} 7. c3 {[%clk 01:33:18]}
{[%emt 00:00:14]} Bb6 {[%clk 01:29:18]} {[%emt 00:01:17]} 8. O-O {[%clk
01:33:36]} {[%emt 00:00:13]} O-O {[%clk 01:29:37]} {[%emt 00:00:11]} 9. Rd1
{[%clk 01:34:00]} {[%emt 00:00:06]} Bb7 {[%clk 01:29:06]} {[%emt 00:01:01]} 10.
d4 {[%clk 01:32:08]} {[%emt 00:02:20]} exd4 {[%clk 01:28:18]} {[%emt 00:01:18]}
11. cxd4 {[%clk 01:32:30]} {[%emt 00:00:09]} Na5 {[%clk 01:26:39]} {[%emt
00:02:09]} 12. Bc2 {[%clk 01:32:24]} {[%emt 00:00:34]} Re8 {[%clk 01:26:33]}
{[%emt 00:00:38]} 13. e5 {[%clk 01:17:20]} {[%emt 00:15:35]} Nd5 {[%clk
01:22:31]} {[%emt 00:04:30]} 14. Ng5 {[%clk 01:05:36]} {[%emt 00:12:15]} Qe7
{[%clk 01:10:37]} {[%emt 00:12:23]} 15. Bxh7+ {[%clk 01:03:21]} {[%emt
00:02:46]} Kf8 {[%clk 01:09:48]} {[%emt 00:01:18]} 16. Qh5 {[%clk 00:58:00]}
{[%emt 00:05:50]} Nf6 {[%clk 01:09:52]} {[%emt 00:00:28]} 17. Qh3 {[%clk
00:58:05]} {[%emt 00:00:21]} g6 {[%clk 01:07:42]} {[%emt 00:02:44]} 18. Qh6#
{[%clk 00:58:29]} {[%emt 00:00:06]} 1-0